000
00275nam a2200133Ia 4500
100
_a
Gutenmacher
942
_c
BK
654
_a
Machines
245
_a
Thinking Machines
260
_b
Foreign Language Publication
082
_a
621.8
300
_a
180
546
_a
ENGLISH
999
_c
27661
_d
27661